Miasta w Polsce na literę M - Statystyki

Ogólne statystyki
  • Ten quiz został rozwiązany 297 razy
    70 od ostatniego zresetowania
  • Średni wynik to 28 z 63
Statystyki odpowiedzi
Liczba mieszkańców Województwo Miasto % Poprawnych
56 286 podkarpackie Mielec
92%
70 468 śląskie Mysłowice
86%
39 580 mazowieckie Mińsk Mazowiecki
84%
46 676 mazowieckie Marki
81%
20 158 warmińsko-mazurskie Mrągowo
81%
36 339 pomorskie Malbork
78%
41 492 śląskie Mikołów
78%
28 803 śląskie Myszków
76%
30 680 mazowieckie Mława
73%
17 643 małopolskie Myślenice
73%
5460 małopolskie Maków Podhalański
70%
16 478 lubuskie Międzyrzecz
70%
8731 mazowieckie Maków Mazowiecki
68%
2677 zachodniopomorskie Mielno
68%
10 814 małopolskie Miechów
65%
9290 podlaskie Mońki
65%
3233 warmińsko-mazurskie Mikołajki
59%
15 146 lubelskie Międzyrzec Podlaski
57%
10 248 zachodniopomorskie Myślibórz
57%
9835 wielkopolskie Międzychód
54%
10 557 dolnośląskie Milicz
54%
9120 pomorskie Miastko
51%
4796 zachodniopomorskie Międzyzdroje
51%
10 766 kujawsko-pomorskie Mogilno
51%
12 442 warmińsko-mazurskie Morąg
51%
4416 małopolskie Muszyna
49%
2421 warmińsko-mazurskie Miłomłyn
43%
14 495 wielkopolskie Mosina
43%
5989 mazowieckie Mszczonów
43%
6854 śląskie Miasteczko Śląskie
41%
3606 mazowieckie Mrozy
41%
7808 małopolskie Mszana Dolna
41%
10 275 wielkopolskie Murowana Goślina
41%
3290 świętokrzyskie Małogoszcz
38%
16 300 mazowieckie Milanówek
38%
1552 mazowieckie Mordy
38%
2334 dolnośląskie Międzylesie
35%
3154 mazowieckie Myszyniec
35%
1397 lubelskie Modliborzyce
32%
1634 warmińsko-mazurskie Młynary
30%
2102 mazowieckie Mogielnica
30%
2696 podlaskie Michałowo
27%
4040 kujawsko-pomorskie Mrocza
27%
1407 mazowieckie Maciejowice
24%
3392 lubuskie Małomice
24%
2286 dolnośląskie Międzybórz
24%
3026 wielkopolskie Miejska Górka
24%
2225 dolnośląskie Miękinia
24%
3312 zachodniopomorskie Mieszkowice
24%
2377 warmińsko-mazurskie Miłakowo
24%
2948 zachodniopomorskie Mirosławiec
24%
973 mazowieckie Magnuszew
22%
3289 zachodniopomorskie Maszewo
22%
1060 wielkopolskie Miasteczko Krajeńskie
22%
3364 wielkopolskie Miłosław
22%
3524 dolnośląskie Mirsk
22%
3648 dolnośląskie Mieroszów
19%
2397 wielkopolskie Mieścisko
19%
4918 mazowieckie Małkinia Górna
16%
2933 wielkopolskie Margonin
16%
1659 wielkopolskie Mikstat
16%
1711 świętokrzyskie Morawica
16%
1613 zachodniopomorskie Moryń
16%
Nie znaleziono quizów pasujących do podanych kryteriów
Rozkład punktacji
Procent ludzi z każdym wynikiem
Percentyl według liczby udzielonych odpowiedzi
Twoja historia wyników
Nie rozwiązałeś tego quizu od ostatniego zresetowania